Datum a čas kvízu
30
Celkem bodů
Celkový počet nahraných bodů na tomto kvízu bez doplňovacích otázek.
6.
Pořadí na kvízu
Konečné umístění týmu na tomto kvízu.
Zaznamenané odpovědi
| # | Otázka | Odpověď | Body | Výsledky |
|---|---|---|---|---|
| 1. | Velmi netradiční letní zábavu... | v Náchodě | 0 | |
| 2. | V českých médiích se minulý tý... | kozy (a kozly) | 0 | |
| 3. | V pondělí vyvrcholil 30. roční... | v Maďarsku | 1 | |
| 4. | V pondělí prohlásila polská sp... | CZC.cz | 1 | |
| 5. | Který český fotbalista přestou... | Adam Hložek | 1 | |
| 6. | Ve kterém americkém filmu z ro... | Ladíme! (Pitch Perfect) | 1 | |
| 7. | Francouzská hudební komedie s... | Piti Piti Pa | 0 | |
| 8. | Animovaný hudební film Alvin a... | Simon a Theodor | 0.5 | |
| 9. | Horečka sobotní noci se pojí s... | Bee Gees | 0 | |
| 10. | Jak se jmenuje československý... | Kdyby tisíc klarinetů | 1 |